| 000 | 00000nam 2200000zi 4500 |
| 001 | 9.922160 |
| 003 | CaOODSP |
| 005 | 20230531132145 |
| 006 | m o d f |
| 007 | cr |n||||||||| |
| 008 | 230502t20232023onc ob f|0| 0 eng d |
| 040 | |aCaOODSP|beng|erda|cCaOODSP |
| 043 | |an-cn-sn |
| 086 | 1 |aEn3-4/0-2023E-PDF |
| 245 | 00|aReport on the progress of the recovery strategy implementation for the black-footed ferret (Mustela nigripes) in Canada (2018-2022). |
| 264 | 1|aOttawa : |bParks Canada = Parcs Canada, |c2023. |
| 264 | 4|c©2023 |
| 300 | |a1 online resource (5 pages). |
| 336 | |atext|btxt|2rdacontent |
| 337 | |acomputer|bc|2rdamedia |
| 338 | |aonline resource|bcr|2rdacarrier |
| 490 | 1 |aSpecies at Risk Act recovery strategy series |
| 500 | |aIssued also in French under title: Rapport sur les progrès de la mise en œuvre du programme de rétablissement pour le putois d’Amérique (Mustela nigripes) au Canada (2018-2022). |
| 500 | |a"March 2023." |
| 504 | |aIncludes bibliographical references (pages 4-5). |
| 650 | 0|aBlack-footed ferret|zSaskatchewan. |
| 650 | 0|aWildlife recovery|zSaskatchewan. |
| 710 | 2 |aParks Canada, |eissuing body. |
| 775 | 08|tRapport sur les progrès de la mise en œuvre du programme de rétablissement pour le putois d’Amérique (Mustela nigripes) au Canada (2018-2022).|w(CaOODSP)9.922222 |
| 830 | #0|aSpecies at Risk Act recovery strategy series.|w(CaOODSP)9.505071 |
| 856 | 40|qPDF|s952 KB|uhttps://publications.gc.ca/collections/collection_2023/pc/En3-4-0-2023-eng.pdf |
| 856 | 4 |qHTML|sN/A|uhttps://www.canada.ca/en/environment-climate-change/services/species-risk-public-registry/report-progress-recovery-document/black-footed-ferret-2023.html |